แสดงรายละเอียดบรรณานุกรม
  กลับหน้าหลัก

Brief Record : Get Marc (ISO 2709) : E-mail record : QR code ปิดหน้าต่าง
E-books : เกี่ยวกับ Collections
LEADER 00000nam 2200000uu 4500
008    130617s||||||||th 000 0 tha d
020    ^a9749235754
041 0  ^atha
090    ^aนว ส222ด
100 0  ^aสปีนเนล, เจอร์รี่
245 00 ^aเด็กสาวจากดาวใส = Stargirl/^bJerry Spinelli ;จีระนันท์ พิตรปรีชา,แปล
260    ^aกรุงเทพฯ :^bแจ่มใส,[ม.ป.ป]
300    ^a161 หน้า
650  0 ^aนวนิยายแปล
700 0  ^aSpinelli, Jerry
700 0  ^aจีระนันท์ พิตรปรีชา,ผู้แปล.
999    ^aใช้งานได้ทุกระบบ
รายการนี้ยังไม่มีแท็ก
คุณยังไม่ได้ล็อกอิน คุณสามารถมีกิจกรรมร่วมกับเว็บไซต์ได้ แต่ต้องล็อกอินก่อน ::
  ล็อกอิน
ลำดับที่ ประเภท เลขเรียก สถานที่ สถานะ
1. นวนิยาย
นวนิยาย
นว ส222ด  
  
หนังสือทั่วไป On Shelf
  ขอยืม
2. นวนิยาย
นวนิยาย
นว ส222ด ฉ.2 
  
หนังสือทั่วไป On Shelf
  ขอยืม
3. นวนิยาย
นวนิยาย
นว ส222ด ฉ.3 
  
หนังสือทั่วไป On Shelf
  ขอยืม
4. นวนิยาย
นวนิยาย
นว ส222ด ฉ.4 
  
หนังสือทั่วไป On Shelf
  ขอยืม
5. นวนิยาย
นวนิยาย
นว ส222ด ฉ.5 
  
หนังสือทั่วไป On Shelf
  ขอยืม
   [แสดง 5/5 รายการ]

รายการใกล้เคียง
    หัวเรื่อง [นวนิยายแปล]

BibComment


ยังไม่เคยถูกคอมเมนท์

คอมเมนท์ทรัพยากรรายการนี้
  คอมเมนท์: เด็กสาวจากดาวใส ..
Bib 209002

 
 
 

 Union Library Management : ULibM
Copyright 2026. All Rights Reserved.
скачать бесплатно без регистрации порно красивый секс HD Sex Hindi sex

xxx gou

xxxx

bfxxx

xxxwww

Секса Видео

xxxx

Секса Видео

detube

geilexxx

C99 Shell

worms shell

blod xxx video
Ebony Coed Rihanna Rimes Takes A Dick In Her Young Twat priyaa indian fuck anal and pusssy hardcore indian women xxx desi hardcore fucking part 1 bengalixxxcouple